A History of Food /

Shranjeno v:
Bibliografske podrobnosti
Glavni avtor: Toussaint-Samat, Maguelonne (autor)
Drugi avtorji: Bell, Anthea (traducción) (traducción)
Format: Knjiga
Jezik:angleščina
Izdano: Malden, EUA : Blackwell, 1994, c1994
Oznake: Označite
Brez oznak, prvi označite!

MARC

LEADER 00000nam^a2200000^a^4500
001 000590298
005 20250521000000.0
009 20260310132905.686
020 |a 0-631-19497-5 
037 |a Acervo ITESO - Biblioteca 
041 |a ING 
091 |a FCR. 00671 
100 |a Toussaint-Samat, Maguelonne  |e (autor) 
245 1 0 |a A History of Food / 
264 4 |a Malden, EUA :  |b Blackwell,  |c 1994, c1994 
300 |a XIX, 801 p. 
336 |a texto  |b txt  |2 rdacontenido 
337 |a sin mediación  |b n  |2 rdamedio 
338 |a volumen  |b nc  |2 rdasoporte 
649 |a XX 
700 |a Bell, Anthea  |e (traducción) 
910 |a Fondo Cristina Romo Gil 
920 |a Impresos - Libros 
930 |a Fondos Especiales 
905 |a 143 
901 |a 0900116921  |b IT2  |c ESP  |i D123340  |u 20250521 
902 |a https://opac.biblio.iteso.mx/vufind/Record/000590298